Theory and practice of alternating currents: General Principles, circuits, instruments, measurements transformers, machines symmetrical components (Record no. 936)

000 -LEADER
fixed length control field 00525nam a22001577a 4500
008 - FIXED-LENGTH DATA ELEMENTS--GENERAL INFORMATION
fixed length control field 200101b ||||| |||| 00| 0 eng d
082 00 - DEWEY DECIMAL CLASSIFICATION NUMBER
Classification number 621.3133
Item number D743
100 ## - MAIN ENTRY--PERSONAL NAME
9 (RLIN) 503
Personal name Dover, A.T.
245 10 - TITLE STATEMENT
Title Theory and practice of alternating currents: General Principles, circuits, instruments, measurements transformers, machines symmetrical components
250 ## - EDITION STATEMENT
Edition statement 3rd
260 ## - PUBLICATION, DISTRIBUTION, ETC. (IMPRINT)
Place of publication, distribution, etc London
Name of publisher, distributor, etc Sir Isaac Pitman & Sons
Date of publication, distribution, etc 1947
300 ## - PHYSICAL DESCRIPTION
Extent xvi,591p.
365 ## - TRADE PRICE
Unit of pricing 16.14
650 #0 - SUBJECT ADDED ENTRY--TOPICAL TERM
Topical term or geographic name as entry element Electrical Engineering
942 ## - ADDED ENTRY ELEMENTS (KOHA)
Item type Books
Holdings
Withdrawn status Lost status Source of classification or shelving scheme Damaged status Not for loan Permanent location Current location Date acquired Source of acquisition Full call number Barcode Date last seen Koha item type
          IMU Kolkata IMU Kolkata 1953-10-22 A. H. Wheeler 621.3133 D743 00554 2020-01-01 Books
          IMU Kolkata IMU Kolkata 1953-10-22 A. H. Wheeler 621.3133 D743 00555 2020-01-01 Books
Designed and Maintained by IMU-KC Library, Kolkata Campus © Copyright All Rights Reserved

webs counters

Powered by Koha